Sử thi lịch sử và truyền thống văn học dân gian Trung Quốc /
Na minha lista:
| Autor principal: | |
|---|---|
| Formato: | Sách giấy |
| Idioma: | Vietnamese |
| Publicado em: |
TP.Huế. :
Thuận Hoá,
2002
|
| Tags: |
Adicionar Tag
Sem tags, seja o primeiro a adicionar uma tag!
|
| Thư viện lưu trữ: | Thư viện Trường Đại học Đà Lạt |
|---|
| LEADER | 00663nam a2200265 4500 | ||
|---|---|---|---|
| 001 | DLU040030168 | ||
| 005 | ##20041214 | ||
| 040 | # | # | |a DLU |b vie |
| 041 | # | # | |a vie |
| 044 | # | # | |a vn |
| 082 | # | # | |a 895.13 |b RI-B |
| 100 | # | # | |a Riftin, B.L |
| 245 | # | # | |a Sử thi lịch sử và truyền thống văn học dân gian Trung Quốc / |c B.L.Riftin ; Phan Ngọc dịch |
| 260 | # | # | |a TP.Huế. : |b Thuận Hoá, |c 2002 |
| 300 | # | # | |a 513 tr. ; |c 21 cm |
| 923 | # | # | |a 41/2004 |
| 992 | # | # | |a 55000 |
| 994 | # | # | |a DLU |
| 900 | # | # | |a True |
| 911 | # | # | |a Đào Thị Thu Huyền |
| 925 | # | # | |a G |
| 926 | # | # | |a A |
| 927 | # | # | |a SH |
| 980 | # | # | |a Thư viện Trường Đại học Đà Lạt |